Statistics for Lyrics to "You Raise Me Up"

Click here to take the quiz!

General Stats

  • This quiz has been taken 36 times
  • The average score is 9 of 16

Answer Stats

LyricsMissing words% Correct
You raise __ up, to more than I can __Me, be
100%
You ____ me up, so I can stand on _____Raise, mountains
100%
You raise me __, to walk on _____ seasUp, stormy
97%
I am ____, when I am on your _______Strong, shoulders
94%
Then I am ____, and wait here in the _____Still, silence
74%
When I am ___, and, oh my soul so ____Down, weary
71%
Until you come, and __ ____ with meSit awhile
71%
When ______ ____, and my heart burdened beTroubles come
68%
You raise __ __, to ____ than I can __Me up, more, be
61%
____ raise __ up, to walk on stormy ____You, me, seas
61%
_ __ _____, when I am __ ____ ______I am strong, on your shoulders
48%
But when you come, and I am ____ ___ ____Filled with wonder
13%
Sometimes I think I ____ _____Glimpse eternity
13%
Each restless ____ beats so _______Heart, imperfectly
13%
There is no ___, no life with out its _____Life, hunger
13%
You ____ __ __, so I can _____ on mountainsRaise me up, mountains
3%

Score Distribution

Percentile by Number Answered

Percent of People with Each Score

Your Score History

You have not taken this quiz